000
00221nam a22000857a 4500
008
161217b xxu||||| |||| 00| 0 eng d
100
_9
2098
_a
Goel D.K Etal
245
_a
FinancialStatement -XII
260
_a
New Delhi
_b
A.P.C
_c
2011
999
_c
4980
_d
4980